| 000 | 00911cam a2200265 4500 | ||
|---|---|---|---|
| 001 | ABS62040 | ||
| 008 | 000000n2000 000 0 eng u | ||
| 035 | _a(Sirsi) u104851 | ||
| 245 | _aSpecial report: Globalisation and legal services | ||
| 260 | _c2000 | ||
| 490 |
_aProperty Week _v65(10) 10 March 2000, 47-58(7) |
||
| 520 | _aInvestigates the lack of reaction from the property industry to recent law firm mergers and whether property clients should be concerned. Reports on the lack of an investment lease along UK lines in the rest of Europe | ||
| 590 | _aABS | ||
| 650 | _aLAW FIRMS | ||
| 650 | _aGLOBALISATION | ||
| 650 | _aLAW | ||
| 650 | _aCOMMERCIAL LEASES | ||
| 650 | _aEUROPE | ||
| 650 | _aE-COMMERCE | ||
| 650 | _aPLANNING ISSUES | ||
| 650 | _aEUROPEAN SPATIAL DEVELOPMENT PERSPECTIVE | ||
| 650 | _aSTRUCTURAL FUNDS | ||
| 690 | _aMANAGEMENT-BUSINESS MANAGEMENT | ||
| 942 | _n0 | ||
| 999 |
_c62903 _d62903 |
||